[Event "34th National Chess Championship-2008"]
[Site "?"]
[Date "2008.04.26"]
[Round "6"]
[White "Abdullah Al Rakib"]
[Black "Chowdhury Sohel"]
[Result "1/2-1/2"]
[WhiteElo "2514"]
[BlackElo "2190"]
[PlyCount "122"]
[EventDate "2008.04.21"]
[SourceDate "2008.04.26"]

1. d4 d5 2. c4 e6 3. Nc3 Nf6 4. Bg5 Be7 5. Nf3 h6 6. Bh4 O-O 7. e3 c6 8. a3
Nbd7 9. Rc1 Re8 10. Bd3 a6 11. cxd5 exd5 12. Bg3 Bf8 13. Bb1 g6 14. h3 Bg7 15.
O-O Ne4 16. Nxe4 dxe4 17. Nd2 f5 18. Nc4 Nb6 19. Ne5 Kh7 20. f3 Nd5 21. Qe1
exf3 22. Rxf3 Ne7 23. Ba2 Rf8 24. Rc5 Nd5 25. Bxd5 cxd5 26. Qb4 Rf6 27. Qb3 b6
28. Rc3 Bb7 29. Rf1 Rc8 30. Rfc1 g5 31. Rxc8 Bxc8 32. Qc2 Be6 33. Nd3 Rg6 34.
Qc7 Qxc7 35. Rxc7 Kg8 36. Be5 Bf8 37. Rc6 Bf7 38. Rc8 a5 39. Kf2 Re6 40. Nc1
Be8 41. Ne2 Kf7 42. Rc7+ Be7 43. Nc3 Bc6 44. a4 Ke8 45. Nb5 Bxb5 46. axb5 Bf6
47. Bxf6 Rxf6 48. Kf3 f4 49. b3 fxe3+ 50. Kxe3 Kd8 51. Rh7 Ke8 52. g3 Kd8 53.
h4 gxh4 54. gxh4 Ke8 55. Rg7 Kd8 56. Rh7 Ke8 57. Rc7 Kd8 58. Rc1 Kd7 59. Rg1
Ke7 60. Rg8 Kd7 61. Rg7+ Ke8 1/2-1/2

[Event "34th National Chess Championship-2008"]
[Site "?"]
[Date "2008.04.26"]
[Round "6"]
[White "Ahmed Sk. Nasir"]
[Black "Mohammed Abdul Malek"]
[Result "1-0"]
[WhiteElo "2315"]
[BlackElo "2308"]
[PlyCount "133"]
[EventDate "2008.04.21"]
[SourceDate "2008.04.26"]

1. e4 d5 2. exd5 Qxd5 3. Nc3 Qd8 4. d4 Nf6 5. Nf3 Bf5 6. Bc4 e6 7. Qe2 Be7 8.
Bf4 O-O 9. O-O-O Nd5 10. Bxd5 exd5 11. Qe5 Be6 12. Qxc7 Qxc7 13. Bxc7 Na6 14.
Bf4 Rfc8 15. Rhe1 Bb4 16. Bd2 Nc7 17. Kb1 h6 18. Ne2 Bd6 19. Bf4 Ne8 20. Bxd6
Nxd6 21. Ng3 Bg4 22. Rd3 Re8 23. Rde3 Bxf3 24. gxf3 Kf8 25. c3 g6 26. R1e2 h5
27. Kc2 h4 28. Nf1 Nf5 29. Rxe8+ Rxe8 30. Ne3 Re6 31. Kd3 Ne7 32. Ng4 Ra6 33.
a3 f6 34. Ne3 Rb6 35. b4 Ra6 36. Ra2 b5 37. Kc2 Kf7 38. Kb3 Ra4 39. Re2 Ra6 40.
Ra2 Ra4 41. Ra1 Ke6 42. Re1 Kf7 43. f4 Ra6 44. Ra1 Ra4 45. Rg1 f5 46. Ng2 Ra6
47. Nxh4 Re6 48. Nf3 Re2 49. Rf1 Kf6 50. a4 a6 51. axb5 axb5 52. h4 Nc8 53. Ne5
Nb6 54. Rg1 Nc4 55. Rxg6+ Ke7 56. Nxc4 dxc4+ 57. Ka3 Rxf2 58. Rb6 Rxf4 59. Rxb5
Rf3 60. Kb2 f4 61. Rc5 Kf6 62. Rxc4 Re3 63. Rc8 f3 64. Rf8+ Ke7 65. Rf4 Re2+
66. Kb3 f2 67. h5 1-0

[Event "34th National Chess Championship-2008"]
[Site "?"]
[Date "2008.04.26"]
[Round "6"]
[White "Minhazuddin Ahmed"]
[Black "Abu Sufian Shakil"]
[Result "1/2-1/2"]
[WhiteElo "2325"]
[BlackElo "2407"]
[PlyCount "73"]
[EventDate "2008.04.21"]
[SourceDate "2008.04.26"]

1. e4 c5 2. Nf3 d6 3. d4 cxd4 4. Nxd4 Nf6 5. Bd3 Nc6 6. Nb3 e6 7. O-O d5 8.
exd5 Nxd5 9. Be4 Nf6 10. Bxc6+ bxc6 11. Qxd8+ Kxd8 12. Rd1+ Bd7 13. Bg5 Be7 14.
Nc3 Nd5 15. Bxe7+ Kxe7 16. Na4 Rhd8 17. Nac5 Be8 18. c4 Nb6 19. Rdc1 e5 20. Rc3
f5 21. a4 Bf7 22. Na5 Rd2 23. b3 Rc8 24. Re1 Nd7 25. Nxd7 Kxd7 26. f3 Re8 27.
Rce3 e4 28. Nb7 Kc7 29. Nc5 Kb6 30. b4 Bxc4 31. fxe4 a5 32. Rc3 Bd5 33. bxa5+
Kxa5 34. Rb1 Rxe4 35. Rcb3 Rxa4 36. Nb7+ Ka6 37. Nc5+ 1/2-1/2

[Event "34th National Chess Championship-2008"]
[Site "?"]
[Date "2008.04.26"]
[Round "6"]
[White "Chatterjee Debaraj"]
[Black "Rahman Syed Mahfuzur"]
[Result "1-0"]
[WhiteElo "2236"]
[BlackElo "2309"]
[PlyCount "33"]
[EventDate "2008.04.21"]
[SourceDate "2008.04.26"]

1. d4 Nf6 2. c4 b6 3. Nc3 Bb7 4. f3 g6 5. e4 d6 6. Be3 Bg7 7. Qd2 Nbd7 8. Nge2
e5 9. O-O-O a6 10. Kb1 Qb8 11. dxe5 dxe5 12. g4 Bc6 13. g5 Nh5 14. Bh3 Nf8 15.
Bg4 Nf4 16. Nxf4 exf4 17. Bd4 1-0

[Event "34th National Chess Championship-2008"]
[Site "?"]
[Date "2008.04.26"]
[Round "6"]
[White "Hossain Monir"]
[Black "Mohammad Javed"]
[Result "0-1"]
[WhiteElo "2196"]
[BlackElo "2302"]
[PlyCount "86"]
[EventDate "2008.04.21"]
[SourceDate "2008.04.26"]

1. d4 Nf6 2. Bg5 Ne4 3. h4 h6 4. Bf4 c5 5. dxc5 Qa5+ 6. Nd2 e5 7. Be3 Nxc5 8.
c3 Qc7 9. Bxc5 Bxc5 10. Nb3 Be7 11. e3 O-O 12. Nf3 d6 13. h5 a5 14. a4 Be6 15.
Nbd2 d5 16. Bb5 Nc6 17. Nh4 Rfd8 18. Rc1 Rac8 19. Bd3 Nb4 20. Bb1 d4 21. Nf5
Bxf5 22. Bxf5 dxe3 23. fxe3 Nd3+ 24. Bxd3 Rxd3 25. Qe2 Rcd8 26. Nf1 Qc4 27. Ra1
Rxc3 28. Qxc4 Rxc4 29. b3 Rc2 30. Ng3 Rxg2 31. Ne2 Rd3 32. Kf1 Rg4 33. Rh3 Rxb3
34. Rc1 Bg5 35. Rc8+ Kh7 36. Rf3 Rb1+ 37. Nc1 f6 38. Ke2 Rxa4 39. Rf1 Re4 40.
Rd1 Rxe3+ 41. Kf1 Rh3 42. Kg2 Rxh5 43. Rdd8 Rxc1 0-1

[Event "34th National Chess Championship-2008"]
[Site "?"]
[Date "2008.04.27"]
[Round "7"]
[White "Rahman Syed Mahfuzur"]
[Black "Hossain Monir"]
[Result "1-0"]
[WhiteElo "2309"]
[BlackElo "2196"]
[PlyCount "201"]
[EventDate "2008.04.21"]
[SourceDate "2008.04.27"]

1. e4 c5 2. Nf3 e6 3. d4 cxd4 4. Nxd4 a6 5. c4 Nf6 6. Nc3 d6 7. Be2 Nbd7 8. O-O
b6 9. Be3 Bb7 10. f3 Rc8 11. Rc1 Be7 12. Qd2 Qc7 13. b3 Qb8 14. g4 h6 15. Rfd1
Bd8 16. Nc2 Bc7 17. Bf4 Ne5 18. Bg3 Qa8 19. Qe3 Rd8 20. Na4 Qa7 21. Bf2 Ned7
22. Nd4 Ba8 23. Rc2 Qb7 24. Rcd2 Bb8 25. b4 O-O 26. b5 Rc8 27. Nc6 Rxc6 28.
bxc6 Qxc6 29. Nxb6 Nxg4 30. fxg4 Nxb6 31. Qd4 Nd7 32. Bh4 Bc7 33. Rb2 Re8 34.
Bg3 Nc5 35. Bf3 e5 36. Qe3 Na4 37. Rb3 Bb6 38. Rxb6 Nxb6 39. Rc1 Nd7 40. g5 Qc5
41. Bf2 Qxe3 42. Bxe3 hxg5 43. Rd1 g4 44. Bg2 Re6 45. c5 Bc6 46. cxd6 Kf8 47.
Bc1 Ke8 48. Ba3 Nf6 49. Rc1 Kd7 50. h3 Rxd6 51. Bxd6 Kxd6 52. hxg4 Nxg4 53.
Rd1+ Kc7 54. Rd3 Nf6 55. Re3 Nd7 56. Bf1 Nc5 57. Bg2 f6 58. Kf2 Kd6 59. Re2 g6
60. Rd2+ Kc7 61. Ke3 f5 62. exf5 gxf5 63. Bd5 f4+ 64. Kf3 a5 65. Kg4 Bd7+ 66.
Kf3 a4 67. Bc4 Bc6+ 68. Bd5 Bd7 69. Bc4 Bf5 70. Bf7 Nd3 71. Bd5 Kb6 72. Re2 Bg6
73. Kg4 Kc5 74. Bb7 Kd4 75. Kg5 f3 76. Bxf3 e4 77. Bg2 Bh7 78. Kh6 Bf5 79. Kg5
Bh7 80. Kh6 Nf4 81. Rb2 Bg8 82. Rb4+ Kc3 83. Rxe4 Nxg2 84. Rxa4 Ne3 85. Ra3+
Kd4 86. Kg5 Bc4 87. Ra7 Nd5 88. Kf5 Kc5 89. a3 Kb6 90. Ra8 Kb7 91. Rh8 Nb6 92.
Ke5 Kc6 93. Kd4 Bb5 94. Rh6+ Kb7 95. Kc5 Nc4 96. Kxb5 Nxa3+ 97. Kc5 Nc2 98. Re6
Kc7 99. Re7+ Kd8 100. Rb7 Na3 101. Rb2 1-0

[Event "34th National Chess Championship-2008"]
[Site "?"]
[Date "2008.04.27"]
[Round "7"]
[White "Abu Sufian Shakil"]
[Black "Chatterjee Debaraj"]
[Result "1-0"]
[WhiteElo "2407"]
[BlackElo "2236"]
[PlyCount "85"]
[EventDate "2008.04.21"]
[SourceDate "2008.04.27"]

1. e4 c5 2. Nf3 d6 3. d4 cxd4 4. Nxd4 Nf6 5. Nc3 a6 6. Be2 e5 7. Nb3 Be7 8. Bg5
Be6 9. Bxf6 Bxf6 10. Qd3 O-O 11. O-O-O Be7 12. Nd5 Nc6 13. Kb1 a5 14. a3 a4 15.
Nc1 Nd4 16. c3 Bxd5 17. cxd4 Be6 18. d5 Bd7 19. g4 Bh4 20. f3 g6 21. Na2 f5 22.
gxf5 Rxf5 23. Nc3 Rf6 24. Qe3 Qa5 25. Rc1 Rf4 26. Na2 Bd8 27. Qg1 Bb5 28. Qf1
Bxe2 29. Qxe2 Bb6 30. h4 h5 31. Nb4 Raf8 32. Rh3 Kh7 33. Rc3 R4f7 34. Rg3 Rg7
35. Nd3 Qb5 36. Qc2 Rgf7 37. Qe2 Rc7 38. Rxc7+ Bxc7 39. Rxg6 Bb6 40. Rg5 Kh6
41. f4 Qe8 42. f5 Bd8 43. Rg6+ 1-0

[Event "34th National Chess Championship-2008"]
[Site "?"]
[Date "2008.04.27"]
[Round "7"]
[White "Hossain Enamul"]
[Black "Minhazuddin Ahmed"]
[Result "1-0"]
[WhiteElo "2484"]
[BlackElo "2325"]
[PlyCount "83"]
[EventDate "2008.04.21"]
[SourceDate "2008.04.27"]

1. e4 e5 2. Nf3 Nf6 3. d4 Nxe4 4. dxe5 Nc6 5. Bd3 d5 6. O-O Bg4 7. Nc3 Bxf3 8.
Qxf3 Nxe5 9. Qe2 f5 10. Bxe4 fxe4 11. Qh5+ Nf7 12. Nxd5 g6 13. Qd1 Bg7 14. Bf4
Nd6 15. Nxc7+ Qxc7 16. Bxd6 Qd7 17. Qd5 O-O-O 18. Rad1 Bxb2 19. Qxe4 Qxd6 20.
Rxd6 Rxd6 21. Qb4 Rb6 22. Qg4+ Kb8 23. Qf4+ Ka8 24. Rd1 a6 25. g3 Rc8 26. Rd7
h5 27. Qe3 Rb5 28. c4 Rb4 29. a3 Bxa3 30. Qxa3 Rbxc4 31. Qb3 R4c7 32. Rxc7 Rxc7
33. Qg8+ Ka7 34. Qxg6 b5 35. Qxh5 b4 36. Qd5 Rb7 37. Qb3 a5 38. h4 Ka6 39. h5
Rb6 40. g4 Kb5 41. g5 a4 42. Qd3+ 1-0

[Event "34th National Chess Championship-2008"]
[Site "?"]
[Date "2008.04.27"]
[Round "7"]
[White "Chowdhury Sohel"]
[Black "Ahmed Sk. Nasir"]
[Result "0-1"]
[WhiteElo "2190"]
[BlackElo "2315"]
[PlyCount "96"]
[EventDate "2008.04.21"]
[SourceDate "2008.04.27"]

1. e4 c5 2. Nc3 a6 3. g3 b5 4. Bg2 Bb7 5. d3 e6 6. Nge2 b4 7. Nb1 d5 8. Nd2 Nf6
9. f3 Be7 10. O-O O-O 11. e5 Nfd7 12. f4 Nc6 13. Nf3 Qc7 14. c3 a5 15. d4 Ba6
16. Be3 bxc3 17. bxc3 cxd4 18. cxd4 Nb4 19. Ne1 Qc4 20. Rf2 Nxa2 21. f5 Qxe2
22. Rxe2 Nc3 23. Qc2 Nxe2+ 24. Kh1 Rfc8 25. Qd1 Bc4 26. Bh3 Nf8 27. Nd3 Nc3 28.
Qc2 Ne4 29. Nf4 Bg5 30. fxe6 fxe6 31. Bg4 Rc6 32. Qa4 Rb6 33. Bg1 Be7 34. Qc2
a4 35. Bf3 Ng5 36. Bg2 a3 37. h4 Nf7 38. Bf1 Rb2 39. Qc1 Rc8 40. Bxc4 Rxc4 41.
Qd1 Nh6 42. g4 Rc3 43. Qa4 Rf3 44. Qe8 Bb4 45. Bh2 Nxg4 46. Ng2 Rh3 47. Rf1
Rxh2+ 48. Kg1 Rbxg2# 0-1

[Event "34th National Chess Championship-2008"]
[Site "?"]
[Date "2008.04.27"]
[Round "7"]
[White "Rahman Ziaur"]
[Black "Abdullah Al Rakib"]
[Result "1-0"]
[WhiteElo "2511"]
[BlackElo "2514"]
[PlyCount "41"]
[EventDate "2008.04.21"]
[SourceDate "2008.04.27"]

1. Nf3 Nf6 2. c4 Nc6 3. d4 e6 4. g3 Bb4+ 5. Nbd2 d6 6. Bg2 O-O 7. O-O e5 8. d5
Ne7 9. Nb3 b6 10. a3 Bc5 11. Nxc5 bxc5 12. b4 Nd7 13. Ne1 a5 14. bxc5 Nxc5 15.
Nd3 Nxd3 16. Qxd3 Qe8 17. Bd2 Qa4 18. Rfc1 Ba6 19. Qc3 Rfc8 20. Bh3 f5 21. Bg5
1-0

[Event "34th National Chess Championship-2008"]
[Site "?"]
[Date "2008.04.28"]
[Round "8"]
[White "Reefat Bin Sattar"]
[Black "Abdullah Al Rakib"]
[Result "0-1"]
[WhiteElo "2487"]
[BlackElo "2514"]
[PlyCount "50"]
[EventDate "2008.04.21"]
[SourceDate "2008.04.28"]

1. e4 e5 2. Nf3 Nc6 3. Bc4 Nf6 4. d3 Be7 5. O-O O-O 6. Re1 d6 7. a4 Kh8 8. h3
Ng8 9. Nc3 f5 10. Nd5 f4 11. b4 Bf6 12. Bb2 Nge7 13. Nxf6 gxf6 14. b5 Nb8 15.
Nh4 Ng6 16. Nf5 Nd7 17. a5 Nc5 18. Ba3 Ne6 19. c3 Ne7 20. Nh4 Rg8 21. Kh2 Qf8
22. Qh5 Rg5 23. Qf3 Qh6 24. g3 Rh5 25. Rh1 Ng5 0-1

[Event "34th National Chess Championship-2008"]
[Site "?"]
[Date "2008.04.28"]
[Round "8"]
[White "Ahmed Sk. Nasir"]
[Black "Rahman Ziaur"]
[Result "0-1"]
[WhiteElo "2315"]
[BlackElo "2511"]
[PlyCount "82"]
[EventDate "2008.04.21"]
[SourceDate "2008.04.28"]

1. e4 c5 2. Nf3 e6 3. d4 cxd4 4. Nxd4 Nc6 5. Nc3 Qc7 6. Be3 a6 7. Qd2 Nf6 8. f3
Ne5 9. O-O-O b5 10. g4 h6 11. Bd3 Bb4 12. h4 Bxc3 13. Qxc3 Qxc3 14. bxc3 Bb7
15. Be2 Nc4 16. Bxc4 bxc4 17. g5 Ng8 18. Rdg1 Ne7 19. gxh6 gxh6 20. h5 e5 21.
Ne2 f5 22. Rh4 d6 23. Bb6 f4 24. Rhg4 Kd7 25. Rd1 Rag8 26. Rdg1 Rxg4 27. Rxg4
Rg8 28. Rxg8 Nxg8 29. Kb2 Nf6 30. Ka3 d5 31. exd5 Bxd5 32. Ng1 Nxh5 33. Kb4 Nf6
34. Kc5 h5 35. Ba7 h4 36. Bb8 Ke6 37. Bc7 Kf5 38. a4 Be6 39. Bd8 e4 40. fxe4+
Nxe4+ 41. Kb6 Ng5 0-1

[Event "34th National Chess Championship-2008"]
[Site "?"]
[Date "2008.04.28"]
[Round "8"]
[White "Minhazuddin Ahmed"]
[Black "Mohammed Abdul Malek"]
[Result "1/2-1/2"]
[WhiteElo "2325"]
[BlackElo "2308"]
[PlyCount "260"]
[EventDate "2008.04.21"]
[SourceDate "2008.04.28"]

1. e4 d5 2. exd5 Qxd5 3. Nc3 Qd6 4. d4 Nf6 5. Nf3 a6 6. Bc4 e6 7. O-O Be7 8.
Qe2 b5 9. Bb3 Bb7 10. Bg5 Nbd7 11. Rad1 c5 12. dxc5 Qxc5 13. Bxf6 gxf6 14. a4
b4 15. Ne4 Qc6 16. Rd4 Nc5 17. Nxc5 Bxc5 18. Bd5 Qc7 19. Qe4 f5 20. Qh4 Be7 21.
Rc4 Qd8 22. Qd4 Bf6 23. Bxb7 Bxd4 24. Rxd4 Qb8 25. Bxa8 Qxa8 26. Rxb4 Rg8 27.
Re1 Ke7 28. Kf1 Qc6 29. Re2 Rd8 30. Nd4 Qc5 31. c3 Kf6 32. f4 Qd6 33. Re5 Qc7
34. Kf2 h5 35. h4 Rd6 36. Nf3 Rd1 37. Rd4 Rb1 38. Re2 Qb6 39. Ne5 Ke7 40. b4
Rc1 41. Nd7 Qc6 42. Ne5 Qxc3 43. Red2 Rc2 44. Rxc2 Qxd4+ 45. Kg3 Qe3+ 46. Nf3
Qb3 47. Rc7+ Kf6 48. Rb7 Kg7 49. a5 Kg6 50. Kh2 f6 51. Rb6 Qc4 52. Kg3 Kf7 53.
b5 axb5 54. a6 Qa4 55. Rb7+ Kg6 56. a7 Qa6 57. Rc7 b4 58. Nd4 Qd3+ 59. Nf3 Qa3
60. Kh2 b3 61. Nd4 b2 62. Rb7 e5 63. Nc6 exf4 64. Ne7+ Kf7 65. Nxf5+ Ke6 66.
Ng7+ Ke5 67. Rb5+ Ke4 68. Nxh5 Kd4 69. Rxb2 Qxa7 70. Nxf4 Qc7 71. g3 Ke4 72.
Rf2 Qa7 73. Kg2 Qa8 74. Re2+ Kf5+ 75. Kh2 Kg4 76. Nh3 Qb8 77. Re4+ Kh5 78. Rf4
Qe5 79. Nf2 Kg6 80. Ne4 f5 81. Ng5 Qe2+ 82. Kh3 Qd1 83. Kg2 Qd2+ 84. Rf2 Qd5+
85. Kh2 Kh5 86. Nh3 Qe5 87. Ng1 Qe4 88. Rf4 Qc2+ 89. Kh3 Qd3 90. Kg2 Qc2+ 91.
Rf2 Qe4+ 92. Kh2 Qb1 93. Nh3 Qe4 94. Ng5 Qd5 95. Nh3 Qe4 96. Nf4+ Kg4 97. Ng2
Qd3 98. Rf4+ Kh5 99. Ra4 Qe2 100. Rd4 Qf1 101. Rd5 Qb1 102. Ne3 Qe4 103. Ng2
Kg4 104. Ra5 Qc2 105. Ra3 Qb2 106. Ra4+ Kh5 107. Kh3 Qb7 108. Ra5 Qf3 109. Nf4+
Kh6 110. Ra6+ Kh7 111. Ra1 Kh6 112. Re1 Kh7 113. Ra1 Kh6 114. Rb1 Kh7 115. Kh2
Kh6 116. Rb6+ Kh7 117. Ng2 Kg7 118. Rb5 Kh6 119. Rb6+ Kh7 120. Rb4 Kh6 121. Rf4
Qd3 122. Kh3 Qb1 123. Kh2 Qd3 124. Rf2 Qe4 125. Ra2 Qf3 126. Rb2 Kh7 127. Nf4
Kh6 128. Rd2 Kh7 129. Rd7+ Kh6 130. Rd6+ Kh7 1/2-1/2

[Event "34th National Chess Championship-2008"]
[Site "?"]
[Date "2008.04.28"]
[Round "8"]
[White "Chatterjee Debaraj"]
[Black "Hossain Enamul"]
[Result "0-1"]
[WhiteElo "2236"]
[BlackElo "2484"]
[PlyCount "62"]
[EventDate "2008.04.21"]
[SourceDate "2008.04.28"]

1. d4 d5 2. c4 c6 3. Nf3 Nf6 4. Nc3 dxc4 5. e4 b5 6. e5 Nd5 7. a4 e6 8. axb5
Nxc3 9. bxc3 cxb5 10. Ng5 Bb7 11. Qh5 Qd7 12. Nxh7 Nc6 13. Nf6+ gxf6 14. Qxh8
O-O-O 15. Qh4 fxe5 16. Bg5 Be7 17. Bxc4 Bxg5 18. Qxg5 bxc4 19. O-O exd4 20.
cxd4 Nxd4 21. h4 a6 22. Kh2 Rh8 23. Ra5 Qc7+ 24. f4 Nf5 25. Rxf5 exf5 26. Qxf5+
Kb8 27. Qg5 Ka8 28. Rf2 c3 29. Qf6 Qd8 30. Qxd8+ Rxd8 31. Rc2 Rc8 0-1

[Event "34th National Chess Championship-2008"]
[Site "?"]
[Date "2008.04.28"]
[Round "8"]
[White "Hossain Monir"]
[Black "Abu Sufian Shakil"]
[Result "0-1"]
[WhiteElo "2196"]
[BlackElo "2407"]
[PlyCount "80"]
[EventDate "2008.04.21"]
[SourceDate "2008.04.28"]

1. d4 d5 2. c4 c6 3. Nc3 Nf6 4. cxd5 cxd5 5. Bf4 Nc6 6. e3 a6 7. Bd3 e6 8. Nf3
Bd6 9. Bg3 Bxg3 10. hxg3 Qd6 11. Rc1 Bd7 12. Rh4 Rc8 13. Kf1 h6 14. Kg1 b5 15.
g4 Ke7 16. e4 dxe4 17. Nxe4 Nxe4 18. Bxe4 Nxd4 19. Nxd4 Rxc1 20. Qxc1 Qxd4 21.
g5 Rc8 22. Qf4 hxg5 23. Qxg5+ Qf6 24. Qg3 Rc1+ 25. Kh2 Rc5 26. Bb7 a5 27. Rh7
Qg5 28. Qf3 Qf5 29. Qxf5 Rxf5 30. Kg3 Kf6 31. Rh1 Rc5 32. Rd1 Ke7 33. Rd2 b4
34. f4 g5 35. fxg5 Rxg5+ 36. Kf4 Rc5 37. Bf3 e5+ 38. Ke3 Be6 39. Bd1 Bxa2 40.
b3 Bb1 0-1

[Event "34th National Chess Championship-2008"]
[Site "?"]
[Date "2008.04.28"]
[Round "8"]
[White "Mohammad Javed"]
[Black "Rahman Syed Mahfuzur"]
[Result "0-1"]
[WhiteElo "2302"]
[BlackElo "2309"]
[PlyCount "46"]
[EventDate "2008.04.21"]
[SourceDate "2008.04.28"]

1. e4 c5 2. Nf3 Nc6 3. d4 cxd4 4. Nxd4 Nf6 5. Nc3 e5 6. Ndb5 d6 7. Bg5 a6 8.
Na3 b5 9. Nd5 Be7 10. Bxf6 Bxf6 11. c3 Bg5 12. Nc2 Rb8 13. a4 bxa4 14. Ncb4
Nxb4 15. Nxb4 O-O 16. Nc6 Qb6 17. Nxb8 Qxb2 18. Bd3 Bg4 19. f3 Qxg2 20. Qe2
Qxh1+ 21. Qf1 Qxh2 22. Be2 Bh3 23. Qf2 Bd2+ 0-1

[Event "34th National Chess Championship-2008"]
[Site "?"]
[Date "2008.04.29"]
[Round "9"]
[White "Abu Sufian Shakil"]
[Black "Mohammad Javed"]
[Result "1-0"]
[WhiteElo "2407"]
[BlackElo "2302"]
[PlyCount "75"]
[EventDate "2008.04.21"]
[SourceDate "2008.04.29"]

1. e4 e5 2. Nf3 Nc6 3. Bb5 a6 4. Bxc6 dxc6 5. O-O Bg4 6. h3 h5 7. d3 Qf6 8.
Nbd2 Ne7 9. Re1 Ng6 10. d4 Bd6 11. hxg4 hxg4 12. Nh2 Rxh2 13. Qxg4 Qh4 14. Qxh4
Rxh4 15. Nf3 Rh5 16. Be3 f6 17. g3 Kf7 18. Kg2 Re8 19. Rad1 exd4 20. Bxd4 b5
21. b3 c5 22. Bb2 c4 23. bxc4 bxc4 24. Bc3 Rb8 25. Nd4 Ne5 26. Nf5 Rbh8 27.
Bxe5 fxe5 28. Nxd6+ cxd6 29. Rxd6 Ke7 30. Rxa6 Rh2+ 31. Kf1 Rf8 32. Re2 c3 33.
Ra7+ Kf6 34. Kg1 Rfh8 35. Re3 g5 36. Rxc3 Rh1+ 37. Kg2 R8h2+ 38. Kf3 1-0

[Event "34th National Chess Championship-2008"]
[Site "?"]
[Date "2008.04.29"]
[Round "9"]
[White "Hossain Enamul"]
[Black "Hossain Monir"]
[Result "1-0"]
[WhiteElo "2484"]
[BlackElo "2196"]
[PlyCount "133"]
[EventDate "2008.04.21"]
[SourceDate "2008.04.29"]

1. e4 c5 2. Nf3 d6 3. c3 Nf6 4. Be2 Bd7 5. d3 Nc6 6. O-O c4 7. h3 cxd3 8. Bxd3
Qc7 9. Na3 h6 10. Re1 g5 11. Nc4 Ne5 12. Ne3 e6 13. Nxe5 dxe5 14. a4 Be7 15.
Nc4 Bc6 16. Qe2 Rg8 17. b4 Rc8 18. b5 Bd7 19. Be3 Bc5 20. Bxc5 Qxc5 21. Qe3 Ke7
22. Bf1 Qxe3 23. Rxe3 Rc5 24. Na5 Rc7 25. c4 Rgc8 26. Nb3 Be8 27. a5 Nd7 28.
Rb1 f6 29. f3 b6 30. Ra1 Rb7 31. axb6 axb6 32. Ree1 Nc5 33. Nxc5 Rxc5 34. Ra8
Rcc7 35. Rea1 Rd7 36. Kf2 Rd8 37. Rxd8 Kxd8 38. Ra8+ Ke7 39. Ke3 h5 40. Be2 h4
41. Kd2 Rd7+ 42. Kc3 Rd8 43. Ra6 Rd6 44. Ra2 Rd4 45. Ra6 Rd6 46. Bd3 Bd7 47.
Ra8 Rd4 48. Rb8 Rd6 49. Bc2 Be8 50. Ba4 f5 51. Bc2 Bd7 52. Bd3 Kf7 53. Rb7 Kf6
54. Rc7 Kg6 55. c5 Rxd3+ 56. Kxd3 Bxb5+ 57. Ke3 bxc5 58. Rxc5 f4+ 59. Kf2 Bd3
60. Rxe5 Kf6 61. Rc5 Ba6 62. Rc7 Bb5 63. Rc8 Ba4 64. Rc5 Be8 65. Ke2 Bf7 66.
Kd3 e5 67. Rc6+ 1-0

[Event "34th National Chess Championship-2008"]
[Site "?"]
[Date "2008.04.29"]
[Round "9"]
[White "Mohammed Abdul Malek"]
[Black "Chatterjee Debaraj"]
[Result "1-0"]
[WhiteElo "2308"]
[BlackElo "2236"]
[PlyCount "87"]
[EventDate "2008.04.21"]
[SourceDate "2008.04.29"]

1. d4 Nf6 2. c4 c5 3. Nf3 e6 4. e3 cxd4 5. exd4 d5 6. Nc3 Be7 7. Be2 O-O 8. O-O
dxc4 9. Bxc4 Nbd7 10. Bg5 Nb6 11. Bd3 Nbd5 12. Rc1 b6 13. Bb1 Bb7 14. Re1 Rc8
15. Re5 h6 16. Bh4 Nxc3 17. bxc3 Bxf3 18. gxf3 Nd5 19. Qd3 f5 20. Bxe7 Qxe7 21.
Qd2 Qh4 22. Bd3 Nf4 23. Kh1 Rf6 24. Rg1 Nd5 25. Ba6 Rc7 26. c4 Nf4 27. c5 Ng6
28. Bc4 Nxe5 29. dxe5 Rf8 30. Bxe6+ Kh8 31. Qd6 Qe7 32. cxb6 axb6 33. Qxb6 Rc5
34. f4 Rc3 35. Rg3 Rc1+ 36. Kg2 Re1 37. Bb3 Re4 38. Rf3 Qh4 39. Qc5 Rd8 40. Qc1
Qg4+ 41. Rg3 Qxf4 42. Qc7 Qxg3+ 43. hxg3 Re8 44. e6 1-0

[Event "34th National Chess Championship-2008"]
[Site "?"]
[Date "2008.04.29"]
[Round "9"]
[White "Chowdhury Sohel"]
[Black "Minhazuddin Ahmed"]
[Result "0-1"]
[WhiteElo "2190"]
[BlackElo "2325"]
[PlyCount "70"]
[EventDate "2008.04.21"]
[SourceDate "2008.04.29"]

1. e4 e5 2. Nf3 Nf6 3. d4 Nxe4 4. dxe5 d5 5. Nbd2 f5 6. Bd3 Be7 7. O-O O-O 8.
c4 Nxd2 9. Bxd2 d4 10. b4 c5 11. bxc5 Bxc5 12. Qb3 b6 13. Bb4 Na6 14. a3 Bb7
15. Rfe1 Bxf3 16. gxf3 Qg5+ 17. Kh1 Qf4 18. Bf1 Rae8 19. Qa4 Nb8 20. Bxc5 bxc5
21. e6 Re7 22. Bg2 h6 23. Qb5 Rc8 24. Kg1 Kh7 25. Ra2 Rc6 26. Raa1 Rexe6 27.
Rxe6 Rxe6 28. Qxc5 Nc6 29. Rd1 d3 30. Qd5 Nd4 31. Kf1 d2 32. Qa5 Nc2 33. Bh3
Re1+ 34. Kg2 Ne3+ 35. fxe3 Re2+ 0-1

[Event "34th National Chess Championship-2008"]
[Site "?"]
[Date "2008.04.29"]
[Round "9"]
[White "Abdullah Al Rakib"]
[Black "Ahmed Sk. Nasir"]
[Result "1/2-1/2"]
[WhiteElo "2514"]
[BlackElo "2315"]
[PlyCount "37"]
[EventDate "2008.04.21"]
[SourceDate "2008.04.29"]

1. f4 c5 2. Nf3 Nc6 3. g3 g6 4. Bg2 Bg7 5. O-O d6 6. e4 e6 7. d3 Nge7 8. c3 O-O
9. Be3 b6 10. Na3 d5 11. e5 Ba6 12. Nc2 Qd7 13. Bf2 Rfd8 14. b4 cxb4 15. cxb4
Rac8 16. a4 Bb7 17. b5 Nb8 18. Ncd4 Rc7 19. Bh3 1/2-1/2

[Event "34th National Chess Championship-2008"]
[Site "?"]
[Date "2008.04.30"]
[Round "10"]
[White "Reefat Bin Sattar"]
[Black "Ahmed Sk. Nasir"]
[Result "1-0"]
[WhiteElo "2487"]
[BlackElo "2315"]
[PlyCount "47"]
[EventDate "2008.04.21"]
[SourceDate "2008.04.30"]

1. e4 c5 2. Nf3 d6 3. d4 cxd4 4. Nxd4 Nf6 5. Nc3 a6 6. g3 e5 7. Nb3 b5 8. Bg2
Bb7 9. O-O Be7 10. a4 b4 11. Nd5 Nxd5 12. exd5 O-O 13. a5 Qd7 14. Nd2 Qb5 15.
c4 bxc3 16. bxc3 Qc5 17. Qb3 Qc7 18. Rb1 Ra7 19. Ne4 Qxa5 20. c4 Nd7 21. Be3
Nc5 22. Nxc5 dxc5 23. d6 Bf6 24. Ra1 1-0

[Event "34th National Chess Championship-2008"]
[Site "?"]
[Date "2008.04.30"]
[Round "10"]
[White "Minhazuddin Ahmed"]
[Black "Rahman Ziaur"]
[Result "1/2-1/2"]
[WhiteElo "2325"]
[BlackElo "2514"]
[PlyCount "77"]
[EventDate "2008.04.21"]
[SourceDate "2008.04.30"]

1. e4 g6 2. d4 Bg7 3. Nc3 c6 4. Nf3 d6 5. a4 Nf6 6. Be2 O-O 7. Bg5 Nbd7 8. Qd2
Qc7 9. O-O b6 10. Rfe1 Bb7 11. e5 dxe5 12. dxe5 Nxe5 13. Nxe5 Qxe5 14. Bf3 Qc5
15. Bxf6 exf6 16. Ne4 Qe7 17. Nd6 Qd7 18. Qd3 Rad8 19. Nxb7 Qxb7 20. Qc4 f5 21.
c3 Rc8 22. Rad1 Qc7 23. g3 h5 24. Rd3 c5 25. Red1 Rcd8 26. Kf1 Bf6 27. Rxd8
Rxd8 28. Rxd8+ Bxd8 29. Qd5 h4 30. Qb7 h3 31. Qxc7 Bxc7 32. Be2 Kg7 33. Kg1 g5
34. Bf1 g4 35. f4 Bd8 36. Bd3 Kg6 37. c4 Bf6 38. b3 Bd4+ 39. Kh1 1/2-1/2

[Event "34th National Chess Championship-2008"]
[Site "?"]
[Date "2008.04.30"]
[Round "10"]
[White "Chatterjee Debaraj"]
[Black "Chowdhury Sohel"]
[Result "1-0"]
[WhiteElo "2236"]
[BlackElo "2190"]
[PlyCount "107"]
[EventDate "2008.04.21"]
[SourceDate "2008.04.30"]

1. d4 d5 2. Bg5 Nd7 3. Nd2 Ngf6 4. e3 e5 5. dxe5 Nxe5 6. Ngf3 Bd6 7. c3 O-O 8.
Nxe5 Bxe5 9. Nf3 Bd6 10. Bxf6 Qxf6 11. Qxd5 Qg6 12. Bd3 Be6 13. Qe4 f5 14. Qd4
Rad8 15. O-O-O c5 16. Qh4 Bxa2 17. Bc4+ Bxc4 18. Qxc4+ Kh8 19. g3 a6 20. h4 b5
21. Qa2 Bc7 22. Ng5 c4 23. Qa3 Rfe8 24. Rxd8 Bxd8 25. Rd1 Be7 26. Qa1 h6 27.
Nh3 b4 28. Qa4 bxc3 29. bxc3 Rb8 30. Qxc4 Qb6 31. Kd2 Qb2+ 32. Ke1 Bf6 33. Qxa6
Qxc3+ 34. Kf1 Qe5 35. Qc4 Qa5 36. Kg1 Qb6 37. Nf4 Rd8 38. Rxd8+ Qxd8 39. Qe6
Qd1+ 40. Kg2 Qb1 41. Nd5 Ba1 42. Ne7 Qe4+ 43. Qxe4 fxe4 44. Nf5 Be5 45. g4 Kh7
46. Ng3 Bxg3 47. Kxg3 g5 48. hxg5 hxg5 49. f3 Kg6 50. fxe4 Kf6 51. Kf2 Ke5 52.
Kf3 Ke6 53. Ke2 Kd6 54. Kd2 1-0